[Event "ODJM B 2016"]
[Site "Willingen GER"]
[Date "2016.05.16"]
[Round "3"]
[White "Gehrke, Korbinian"]
[Black "Ibrahim, Luisa"]
[Result "1/2-1/2"]
[Termination "normal"]
[Board "50"]
[WhiteElo "1234"]
[BlackElo "916"]
[PlyCount "106"]
[WhiteFideId "12993913"]
[BlackFideId "12993930"]
[EventCountry "GER"]
[EventRounds "9"]
[EventType "swiss"]
[EventDate "2016.05.14"]

1. e4 c5 2. Nf3 d6 3. d4 cxd4 4. Nxd4 Nf6 5. Nc3 g6 6. Be3 Bg7 7. f3 O-O 8. Qd2
Nc6 9. g4 Nxd4 10. Bxd4 Qa5 11. O-O-O Be6 12. Kb1 Rac8 13. a3 Rc6 14. h4 h5 15.
g5 Ne8 16. Bxg7 Nxg7 17. Nd5 Qxd2 18. Nxe7+ Kh7 19. Rxd2 Rb6 20. Nd5 Bxd5 21.
Rxd5 f5 22. e5 dxe5 23. Rxe5 Rc6 24. f4 Rfc8 25. c3 Rd8 26. Bg2 Rb6 27. Re7 Rd2
28. Bxb7 Rbxb2+ 29. Kc1 Rbc2+ 30. Kb1 Rxc3 31. Rc1 Rb3+ 32. Ka1 Rxa3+ 33. Kb1
Raa2 34. Rcc7 Rdb2+ 35. Kc1 Rh2 36. Kb1 Raf2 37. Rxg7+ Kh8 38. Rgd7 Rf1+ 39.
Rc1 Rxc1+ 40. Kxc1 Rxh4 41. Rd8+ Kg7 42. Rd7+ Kf8 43. Bd5 Ke8 44. Rxa7 Rxf4 45.
Ra8+ Kd7 46. Bf7 h4 47. Bxg6 h3 48. Rh8 Rf3 49. Bxf5+ Rxf5 50. g6 Rg5 51. Rxh3
Rxg6 52. Rh7+ Ke6 53. Rh1 Rg2 1/2-1/2

[Event "ODJM B 2016"]
[Site "Willingen GER"]
[Date "2016.05.16"]
[Round "3"]
[White "Beyer, Lorenz"]
[Black "Meusel, Johannes"]
[Result "0-1"]
[Termination "normal"]
[Board "51"]
[WhiteElo "1169"]
[BlackElo "915"]
[PlyCount "64"]
[WhiteFideId "16245393"]
[BlackFideId "16244893"]
[EventCountry "GER"]
[EventRounds "9"]
[EventType "swiss"]
[EventDate "2016.05.14"]

1. e4 e5 2. Nf3 Nc6 3. Bc4 Bc5 4. Nc3 Nf6 5. d3 d6 6. h3 Bd7 7. Bg5 h6 8. Bh4
g5 9. Bg3 Qe7 10. Qe2 Be6 11. Bxe6 Qxe6 12. Nb5 O-O-O 13. Nc3 Kb8 14. h4 g4 15.
Nd2 Nd4 16. Qd1 Nd7 17. Na4 Rdf8 18. Nxc5 Nxc5 19. Nc4 Rhg8 20. c3 Nc6 21. b4
Nd7 22. b5 Ne7 23. a4 Nc5 24. a5 f5 25. b6 fxe4 26. bxa7+ Kxa7 27. Nb2 Qf5 28.
d4 Na6 29. Nc4 Qf7 30. Ne3 Nf5 31. dxe5 Nxg3 32. fxg3 Qf2# 0-1

[Event "ODJM B 2016"]
[Site "Willingen GER"]
[Date "2016.05.16"]
[Round "3"]
[White "Ott, Linda"]
[Black "Fuhrmann, Elias"]
[Result "0-1"]
[Termination "normal"]
[Board "52"]
[WhiteElo "1057"]
[BlackElo "909"]
[PlyCount "116"]
[WhiteFideId "12992453"]
[BlackFideId "36098353"]
[EventCountry "GER"]
[EventRounds "9"]
[EventType "swiss"]
[EventDate "2016.05.14"]

1. e4 c5 2. Nc3 Nc6 3. f4 g6 4. Bc4 Bg7 5. Nf3 Nf6 6. d3 O-O 7. f5 d6 8. fxg6
hxg6 9. Qe2 Bg4 10. Bg5 Nd4 11. Qf2 Ne6 12. O-O-O Bxf3 13. gxf3 Nxg5 14. Qg2
Bh6 15. f4 Ngh7 16. Qxg6+ Bg7 17. Rdg1 Ne8 18. h4 e6 19. Qg3 Qf6 20. e5 Qh6 21.
Kb1 d5 22. Bb3 d4 23. Ne4 b5 24. a3 a5 25. Ng5 a4 26. Ba2 b4 27. Nxh7 Kxh7 28.
f5 exf5 29. e6 fxe6 30. Rg2 Bf6 31. h5 Ng7 32. Qg6+ Qxg6 33. hxg6+ Kg8 34. Rgh2
Ne8 35. Bxe6+ Kg7 36. Rh7+ Kxg6 37. R7h5 Nd6 38. R5h3 Rh8 39. Rg1+ Bg5 40. Rhg3
Kf6 41. Rxg5 Kxe6 42. Re1+ Kf6 43. Rg2 b3 44. Rge2 Rae8 45. Rxe8 Rxe8 46. Rxe8
Nxe8 47. c3 f4 48. Kc1 Kg5 49. cxd4 cxd4 50. Kd1 Kg4 51. Ke2 Kg3 52. Ke1 Kg2
53. Ke2 f3+ 54. Ke1 f2+ 55. Ke2 f1=Q+ 56. Kd2 Qf2+ 57. Kd1 Kf1 58. Kc1 Qc2# 0-1

[Event "ODJM B 2016"]
[Site "Willingen GER"]
[Date "2016.05.16"]
[Round "3"]
[White "Bakalarz, Adrian"]
[Black "Reyher, Bastian"]
[Result "0-1"]
[Termination "normal"]
[Board "53"]
[WhiteElo "865"]
[BlackElo "1064"]
[PlyCount "102"]
[WhiteFideId "12955809"]
[BlackFideId "12927465"]
[EventCountry "GER"]
[EventRounds "9"]
[EventType "swiss"]
[EventDate "2016.05.14"]

1. e4 c5 2. d4 Nf6 3. Nc3 Nc6 4. Nf3 g6 5. Bc4 Bg7 6. dxc5 e6 7. Bg5 O-O 8. e5
Qe7 9. exf6 Bxf6 10. Bxf6 Qxf6 11. O-O Qf5 12. Re1 Qxc5 13. b3 Qb4 14. Qd3 a6
15. Ng5 b5 16. Qh3 h5 17. Be2 Qc5 18. Nce4 Qf5 19. g4 f6 20. gxf5 exf5 21.
Nxf6+ Rxf6 22. Bd3 d5 23. Re2 f4 24. Rae1 Bxh3 25. Nxh3 Kg7 26. Kg2 f3+ 27. Kg3
fxe2 28. Bxe2 Re8 29. f4 Nd4 30. Ng1 Re3+ 31. Kf2 Nxc2 32. Rc1 Rxf4+ 33. Nf3
Re6 34. Rxc2 g5 35. Ke1 Rxf3 36. Kd1 Rf2 37. h3 g4 38. hxg4 h4 39. g5 h3 40. g6
h2 41. Ke1 Rfxe2+ 42. Rxe2 Rxe2+ 43. Kxe2 h1=Q 44. Kd2 Qe4 45. Kc3 b4+ 46. Kb2
Qd3 47. Ka1 Qe2 48. Kb1 d4 49. Kc1 d3 50. Kb1 d2 51. Ka1 d1=R# 0-1

[Event "ODJM B 2016"]
[Site "Willingen GER"]
[Date "2016.05.16"]
[Round "3"]
[White "Ibrahim, Ben"]
[Black "Lorenz, Keana"]
[Result "0-1"]
[Termination "normal"]
[Board "54"]
[WhiteElo "834"]
[BlackElo "1037"]
[PlyCount "122"]
[WhiteFideId "12993921"]
[BlackFideId "12990248"]
[EventCountry "GER"]
[EventRounds "9"]
[EventType "swiss"]
[EventDate "2016.05.14"]

1. e4 c5 2. Nf3 g6 3. Bc4 e6 4. O-O Bg7 5. h3 Nc6 6. Nc3 Nf6 7. d3 O-O 8. Be3
d5 9. Bxc5 Re8 10. exd5 exd5 11. Bb3 b6 12. Ba4 Bb7 13. Bd4 a6 14. Bxf6 Bxf6
15. Bb3 d4 16. Nd5 Bg7 17. Qd2 Na5 18. Bc4 b5 19. Bxb5 axb5 20. Nf4 Bh6 21. Ne6
Bxf3 22. Nxd8 Bxd2 23. gxf3 Raxd8 24. Rfd1 Bh6 25. c3 dxc3 26. bxc3 Rc8 27.
Rab1 Rxc3 28. Rxb5 Nc6 29. a4 Ra8 30. d4 Rxa4 31. d5 Ra5 32. Rxa5 Nxa5 33. d6
Rc8 34. Kg2 Kg7 35. Rd5 Nb7 36. d7 Rd8 37. Rb5 Rxd7 38. Kg3 f5 39. f4 Rd3+ 40.
f3 Nd6 41. Rc5 Ne4+ 42. Kg2 Nxc5 43. Kf2 Bxf4 44. h4 Rd2+ 45. Ke1 Nd3+ 46. Kf1
Rf2+ 47. Kg1 Rxf3 48. Kg2 Rg3+ 49. Kf1 h6 50. Ke2 g5 51. hxg5 hxg5 52. Kd1 Rg1+
53. Kc2 g4 54. Kxd3 g3 55. Kc4 Rd1 56. Kb4 g2 57. Kc4 g1=Q 58. Kb5 Qc5+ 59. Ka6
Ra1+ 60. Kb7 Rb1+ 61. Ka6 Qa3# 0-1

[Event "ODJM B 2016"]
[Site "Willingen GER"]
[Date "2016.05.16"]
[Round "3"]
[White "Lohrmann, Linus"]
[Black "Klonov, Sofia"]
[Result "1-0"]
[Termination "normal"]
[Board "55"]
[WhiteElo "1036"]
[BlackElo "866"]
[PlyCount "37"]
[WhiteFideId "12982857"]
[BlackFideId "16226240"]
[EventCountry "GER"]
[EventRounds "9"]
[EventType "swiss"]
[EventDate "2016.05.14"]

1. e4 c5 2. Nf3 Nc6 3. Nc3 g6 4. Bc4 Bg7 5. d3 e6 6. O-O Nge7 7. Be3 d5 8. exd5
exd5 9. Bxd5 Nxd5 10. Nxd5 Qxd5 11. c4 Qd8 12. Bxc5 Bg4 13. Re1+ Kd7 14. h3
Bxf3 15. Qxf3 Bxb2 16. Rab1 Bc3 17. Rxb7+ Kc8 18. Qxc6+ Qc7 19. Qxc7# 1-0

[Event "ODJM B 2016"]
[Site "Willingen GER"]
[Date "2016.05.16"]
[Round "3"]
[White "Wilmink, Luca"]
[Black "Wagner, Margarethe"]
[Result "0-1"]
[Termination "normal"]
[Board "56"]
[WhiteElo "817"]
[BlackElo "1036"]
[PlyCount "130"]
[WhiteFideId "16245253"]
[BlackFideId "16236947"]
[EventCountry "GER"]
[EventRounds "9"]
[EventType "swiss"]
[EventDate "2016.05.14"]

1. e4 c5 2. d4 cxd4 3. Qxd4 Nc6 4. Qd1 Nf6 5. Nc3 e5 6. Nf3 Bb4 7. Bg5 Bxc3+ 8.
bxc3 O-O 9. Bc4 h6 10. Bxf6 Qxf6 11. O-O d6 12. h3 Nd8 13. Rb1 b6 14. Qd5 Bb7
15. Qd3 Qg6 16. Rfe1 Kh8 17. Bd5 Bxd5 18. Qxd5 Rc8 19. Nh4 Qe6 20. Qxe6 Nxe6
21. Re3 Nf4 22. Rbe1 g6 23. g4 h5 24. gxh5 gxh5 25. Ng2 Nxg2 26. Kxg2 Rg8+ 27.
Rg3 Rxg3+ 28. fxg3 Rxc3 29. Rf1 Rxc2+ 30. Kg1 Kg7 31. g4 hxg4 32. hxg4 Rxa2 33.
g5 Re2 34. Rf6 Rxe4 35. Rxd6 Rg4+ 36. Kf2 Rxg5 37. Ke3 b5 38. Ra6 b4 39. Rxa7
b3 40. Rb7 Rg3+ 41. Kd2 e4 42. Kc1 Kg6 43. Kb2 f6 44. Rb4 f5 45. Ka3 Kf6 46.
Rb6+ Ke5 47. Rb5+ Kf4 48. Rxb3 Rxb3+ 49. Kxb3 e3 50. Kc2 Ke4 51. Kd1 f4 52. Ke2
f3+ 53. Ke1 Kd3 54. Kf1 e2+ 55. Ke1 f2+ 56. Kxf2 Kd2 57. Kf3 e1=Q 58. Kg4 Qf2
59. Kg5 Ke3 60. Kg6 Qf4 61. Kh5 Qg3 62. Kh6 Kf4 63. Kh7 Kf5 64. Kh8 Kf6 65. Kh7
Qg7# 0-1

[Event "ODJM B 2016"]
[Site "Willingen GER"]
[Date "2016.05.16"]
[Round "3"]
[White "Ibrahim, Eva"]
[Black "Färber, Sophie"]
[Result "1-0"]
[Termination "normal"]
[Board "57"]
[WhiteElo "973"]
[BlackElo "860"]
[PlyCount "121"]
[WhiteFideId "12993948"]
[BlackFideId "16239121"]
[EventCountry "GER"]
[EventRounds "9"]
[EventType "swiss"]
[EventDate "2016.05.14"]

1. e4 e5 2. Nf3 Nc6 3. Bc4 Bc5 4. Nc3 d6 5. h3 a6 6. d3 h6 7. Be3 Bxe3 8. fxe3
Na5 9. Bd5 c6 10. Bb3 Nxb3 11. cxb3 c5 12. O-O Nf6 13. Nd5 Nxd5 14. exd5 O-O
15. d4 cxd4 16. exd4 e4 17. Nd2 Re8 18. Qh5 f5 19. Rf4 e3 20. Nf3 Bd7 21. Nh4
Rf8 22. Re1 Be8 23. Ng6 Rf6 24. Rxe3 Bxg6 25. Qf3 Rf8 26. Qg3 Qf6 27. Re6 Qg5
28. Qxg5 hxg5 29. Rf3 Rf6 30. Rxf6 gxf6 31. Re3 Kf7 32. Rc3 Rb8 33. Rc7+ Ke8
34. Rg7 Bf7 35. Kf2 Bxd5 36. Rh7 Bf7 37. Rh8+ Kd7 38. Rxb8 Kc7 39. Rf8 Be6 40.
Rxf6 Kd7 41. g3 Ke7 42. Rh6 Kf7 43. h4 gxh4 44. gxh4 Bd5 45. Rxd6 Be4 46. Ke3
Ke7 47. Rh6 Kf7 48. h5 Kg7 49. Rg6+ Kh7 50. Rf6 Bd5 51. Rd6 Be4 52. Kf4 Kg7 53.
h6+ Kh7 54. d5 Kh8 55. Rd7 Bb1 56. a4 Bc2 57. Rxb7 Bd1 58. d6 Bh5 59. d7 Kh7
60. d8=Q+ Kxh6 61. Qg5# 1-0